LEADER 01094nam a2200265 4500 001 000000365296 003 CaOOAMICUS 005 20251119163839.0 008 251119s2025 it 000 u ita r 020 $a978-88-343-5925-9 040 $aSeMil$bita 245 00$aAd extra :$bcattolici e cultura: un dibattito /$ca cura di Edoardo Castagna. 264 1$aMilano :$bVita e Pensiero,$c2025. 300 $aXII, 182 p. ;$c19 cm 490 1 $aPagine prime 500 $aA pič del front.: Avvenire 650 4$aCultura - Atteggiamento [dei] Cattolici.$0(OLS)http://semarc/subject/59019 700 1 $aCastagna, Edoardo.$0(OLS)http://semarc/name/123243 830 0$aPagine prime.$0(OLS)http://semarc/title/448231 850 $aSeMil 852 $aSeMil$W1$xVenegono$y1$m3A I 41$j264606$B256130$CSeMilBibl$Z2$F256130 $81 996 $6020$a978-88-343-5925-9$9(OLS)http://semarc/number/304689 996 $6245$aAd extra :$bcattolici e cultura: un dibattito$9(OLS)http://semarc/title/456846 996 $6264$aMilano :$bVita e Pensiero$9(OLS)http://semarc/publisher/29642 LEADER 01191nam a2200253 i 4500 001 000000035254 003 CaOOAMICUS 005 20100326000000.0 008 100326s1989 it u000 u ita u 013 $a3283 040 $aSeMil$bita 100 1 $aPerniola, Erasmo .$0(OLS)http://semarc/name/4910 245 10$aSant'Efrem Siro :$bDottore della Chiesa e Cantore di Maria /$cErasmo Perniola ; presentazione di Mons. Fiorino Tagliaferri Vescovo di Viterbo. 260 $aRoma :$bCongregazione dei Figli dell'Immacolata Concezione,$c1989. 300 $aXV, 386 p. ;$c22 cm. 650 4$aPatristica - Scrittori greci.$0(OLS)http://semarc/subject/167 700 1 $aTagliaferri, Fiorino.$0(OLS)http://semarc/name/16360 700 0 $aEphraem : Syrus,$c.$0(OLS)http://semarc/name/6620 850 $aSeMil 852 $aSeMil$W1$xVenegono$y1$m2T III 46$j1409$B1409$CSeMilBibl$Z2$F1409 $81 900 1 $aEfrem : Siro. 996 $6245$aSant'Efrem Siro :$bDottore della Chiesa e Cantore di Maria$9(OLS)http://semarc/title/48143 996 $6260$aRoma :$bCongregazione dei Figli dell'Immacolata Concezione$9(OLS)http://semarc/publisher/32255